UK Towns Quiz - South Yorkshire - Statistics

General Stats
  • This quiz has been taken 240 times
  • The average score is 18 of 88
Answer Stats
Clue Population Town % Correct
S 500,552 Sheffield
97%
D 87,457 Doncaster
94%
R 71,542 Rotherham
90%
B 71,422 Barnsley
87%
M 15,554 Mexborough
49%
W 16,964 Wath-upon-Dearne
48%
P 8,530 Penistone
43%
W 16,755 Wombwell
42%
C 11,464 Conisbrough
38%
C 22,185 Chapeltown
37%
M 16,316 Maltby
37%
R 18,908 Rawmarsh
35%
T 12,306 Thorne
35%
A 18,331 Adwick le street
32%
S 7,263 Stocksbridge
32%
W 24,659 Wickersley
32%
S 15,919 Swinton
31%
B 12,048 Bentley
30%
D 15,017 Darton
30%
D 5,977 Dodworth
30%
D 10,961 Dinnington
28%
D 13,993 Dunscroft
26%
H 15,539 Hoyland
26%
B 3,410 Bawtry
25%
T 9,133 Thurnscoe
24%
G 7,491 Goldthorpe
23%
T 4,913 Tickhill
23%
B 7,444 Bolton Upon Dearne
22%
A 14,163 Armthorpe
21%
R 13,920 Rossington
21%
S 14,904 Swallownest
21%
C 12,470 Cudworth
19%
F 5,921 Finningley
19%
O 3,128 Oughtibridge
18%
D 5,648 Deepcar
17%
N 6,610 North Anston
17%
S 1,682 Silkstone
17%
S 1,278 Silkstone Common
17%
S 2,527 South Anston
17%
D 7,215 Darfield
16%
K 13,083 Kirk Sandall
16%
T 6,101 Thurcroft
16%
B 4,617 Brampton
15%
R 10,757 Royston
15%
T 1,241 Thurgoland
15%
W 8,832 Worsbrough
15%
B 8,761 Brinsworth
14%
E 8,190 Ecclesfield
14%
K 7,103 Kiveton Park
14%
S 6,007 Stainforth
14%
J 1,423 Jump
13%
G 5,068 Grimethorpe
12%
S 7,548 Sprotbrough
12%
A 5,431 Askern
11%
A 1,336 Auckley
11%
N 2,306 Norton
11%
T 5,857 Thrybergh
11%
T 3,274 Treeton
11%
B 3,360 Birdwell
10%
H 1,038 Hoylandswaine
10%
M 5,195 Moorends
10%
T 1,004 Thurlstone
10%
T 1,355 Todwick
10%
W 1,156 Wadworth
10%
W 11,323 Warmsworth
10%
W 1,320 Worral
10%
B 1,822 Branton
9%
H 1,728 Harthill
9%
O 1,196 Oxspring
9%
T 4,150 Thorpe Hesley
9%
W 1,691 Woodsetts
9%
B 2,713 Brierley
8%
W 3,939 Whiston
8%
A 1,579 Arksey
7%
G 2,487 Great Houghton
7%
S 13,019 Scawthorpe
7%
W 5,342 Waverly
7%
B 1,850 Barnburgh
6%
C 2,126 Carlton
6%
D 4,309 Denaby Main
6%
M 1,250 Millhouse Green
6%
T 1,212 Toll Bar
6%
B 7,545 Barugh Green
5%
C 1,878 Campsall
5%
G 3,856 Greasbrough
5%
H 1,817 Hemingfield
5%
W 1,385 Wharncliffe Side
3%
H 2,206 Hatfield Woodhouse
1%
No matching quizzes found
Score Distribution
Percent of People with Each Score
Percentile by Number Answered
Your Score History
You have not taken this quiz